LEADER 00845nam0 2200265 450 001 000023656 005 20090227102234.0 100 $a20090227d1963----km-y0itay50------ba 101 0 $aeng 102 $aGB 105 $ay-------001yy 200 1 $a<>managed economy$fMichael D. Reagan 210 $aLondon [etc.]$cOxford university$d1963 215 $aIX, 288 p.$d21 cm 500 10$a<>managed economy$944616 610 1 $aCorporazioni$aStati Uniti d'America$aSec. 20. 610 1 $aSviluppo economico$aStati Uniti d'America$aSec. 20. 676 $a322.30973$v19 700 1$aReagan,$bMichael D.$4070$0141164 801 0$aIT$bUNIPARTHENOPE$c20090227$gRICA$2UNIMARC 912 $a000023656 951 $a113/69$b98/L/CNR$cNAVA2$d2009 951 $a510/39$b3171$cNAVA2$d2009 996 $aManaged economy$944616 997 $aUNIPARTHENOPE LEADER 01326nam0 2200301 i 450 001 SUN0061347 005 20161102123658.684 010 $a03-335-7933-x 100 $a20071008d1999 |0engc50 ba 101 $aeng 102 $aGB 105 $a|||| ||||| 200 1 $aˆThe ‰political economy of Japanese financial markets$emyths versus reality$fDick Beason and Jason James 210 $aBasingstoke$cMacmillan$d1999 215 $aXVI, 304 p.$cill.$d23 cm. 410 1$1001SUN0061346$12001 $aInternational political economy series$1210 $aBasingstoke$cMacmillan press$aNew York$cSt. Martin's press. 620 $dBasingstoke$3SUNL000028 676 $a332.0952$v21 700 1$aBeason$b, Dick$3SUNV048390$0725473 701 1$aJames$b, Jason$3SUNV048391$0725472 712 $aMacMillan$3SUNV004904$4650 801 $aIT$bSOL$c20181109$gRICA 856 4 $uhttps://books.google.it/books?id=D35aCwAAQBAJ&printsec=frontcover&hl=it 912 $aSUN0061347 950 $aUFFICIO DI BIBLIOTECA DEL DIPARTIMENTO DI ECONOMIA$d03 PREST IIIFa16 $e03 8152 995 $aUFFICIO DI BIBLIOTECA DEL DIPARTIMENTO DI ECONOMIA$bIT-CE0106$h8152$kPREST IIIFa16$oc$qa 996 $aPolitical economy of Japanese financial markets$91415500 997 $aUNICAMPANIA